000 01198nam a2200229Ia 4500
999 _c36377
_d36377
001 2289
003 GE_BSU
005 20190501112748.0
008 181216s2009||||ge |||||||||||||| ||geo||
020 _a9789941142888
040 _cGE_BSU
041 _ageo
080 _a004
100 _aგრატიაშვილი, გ.
_9569
245 _aკომპიუტერული ტექნოლოგიების საფუძვლები MS office (MS Word , MS Excel) :
_bდამხმარე სახელმძღვანელო /
_cგ. გრატიაშვილი ; საქართველოს ტექნიკური უნივერსიტეტი ; [რეცენზენტი თ.მაჭარაძე].
264 _aთბილისი :
_bტექნიკური უნივერსიტეტი,
_c2009.
300 _a135გვ.;
_b20სმ.
653 _aინფორმატიკა
653 _aკომპიუტერული ტექნოლოგიები
710 _aსაქართველოს ტექნიკური უნივერსიტეტი
_973
942 _cBK
_2udc